[Event "Nichelino op 16th"]
[Site "Nichelino"]
[Date "2015.10.03"]
[Round "2"]
[White "D'Agostino, Maurizio"]
[Black "Llupa, Oltjon"]
[Result "0-1"]
[WhiteElo "1967"]
[BlackElo "2033"]
[PlyCount "82"]
[EventDate "2015.10.02"]
[EventType "swiss"]
[EventRounds "5"]
[EventCountry "ITA"]
[SourceTitle "EXT 2018"]
[Source "ChessBase"]
[SourceDate "2017.10.13"]
[SourceVersion "1"]
[SourceVersionDate "2017.10.13"]
[SourceQuality "1"]

1. Nf3 d5 2. c4 e6 3. g3 Nf6 4. Bg2 Be7 5. 0-0 0-0 6. b3 c5 7. Bb2 Nc6 8. d4 dxc4 9. bxc4 cxd4 10. Nxd4 Nxd4 11. Bxd4 Qc7 12. Nd2 Bd7 13. Qb3 Bc6 14. Nf3 b6 15. a4 Rac8 16. Rfc1 Rfd8 17. Be3 Ng4 18. a5 Nxe3 19. Qxe3 Bc5 20. Qc3 h6 21. e3 Qb7 22. Ne1 Bxg2 23. Nxg2 Qe4 24. Nf4 Be7 25. Rab1 Bf6 26. Qc2 Qc6 27. axb6 axb6 28. Qb3 Rd6 29. Nh5 Be7 30. Qb2 Bf8 31. Ra1 Qf3 32. Nf4 Rcd8 33. Qe2 Qe4 34. f3 Qe5 35. Ra2 R6d7 36. Rcc2 Rd1+ 37. Kf2 Rh1 38. h4 Rdd1 39. Ng2 Bd6 40. f4 Qe4 41. Rd2 Rdg1 0-1

[Event "Milan Crespi op-B 33rd"]
[Site "Milan"]
[Date "2012.12.08"]
[Round "4"]
[White "D'Agostino, Maurizio"]
[Black "Rossi, Giampiero"]
[Result "1/2-1/2"]
[WhiteElo "2008"]
[BlackElo "1896"]
[PlyCount "63"]
[EventDate "2012.12.05"]
[EventType "swiss"]
[EventRounds "7"]
[EventCountry "ITA"]
[SourceTitle "EXT 2015"]
[Source "ChessBase"]
[SourceDate "2014.11.20"]
[SourceVersion "1"]
[SourceVersionDate "2014.11.20"]
[SourceQuality "1"]

1. d4 d5 2. Bf4 c6 3. c3 Bf5 4. Nd2 e6 5. Ngf3 Nd7 6. Qb3 Qb6 7. Nh4 Qxb3 8. axb3 a6 9. Nxf5 exf5 10. e3 Ngf6 11. Bd3 g6 12. h3 Bg7 13. Bd6 Ne4 14. Bxe4 fxe4 15. 0-0 Bf8 16. Bh2 Be7 17. b4 0-0 18. Nb3 Rfc8 19. Ra2 Bd8 20. f3 exf3 21. Rxf3 Bc7 22. Ra1 Bxh2+ 23. Kxh2 Rc7 24. Raf1 Nb6 25. Na5 Re8 26. Kg1 Nc8 27. Nb3 Nd6 28. Nd2 Rce7 29. Kf2 f5 30. Re1 Ne4+ 31. Nxe4 Rxe4 32. g3 1/2-1/2

[Event "Torino 150 Italy Unity op"]
[Site "Torino"]
[Date "2011.06.04"]
[Round "7"]
[White "D'Agostino, Maurizio"]
[Black "Van Hoolandt, Patrick"]
[Result "1/2-1/2"]
[WhiteElo "2028"]
[BlackElo "2192"]
[PlyCount "80"]
[EventDate "2011.05.31"]
[EventType "swiss"]
[EventRounds "9"]
[EventCountry "ITA"]
[SourceTitle "EXT 2014"]
[Source "ChessBase"]
[SourceDate "2013.11.20"]
[SourceVersion "1"]
[SourceVersionDate "2013.11.20"]
[SourceQuality "1"]

1. d4 Nf6 2. Nf3 e6 3. e3 c5 4. Bd3 b6 5. 0-0 Bb7 6. Nbd2 Nc6 7. c3 Be7 8. Qe2 cxd4 9. exd4 d5 10. Ne5 Nxe5 11. Qxe5 h6 12. Bb5+ Kf8 13. Qe2 Bd6 14. Bd3 Qc7 15. Nf3 Nd7 16. Re1 Re8 17. Bb5 Bc6 18. Bxc6 Qxc6 19. Ne5 Bxe5 20. dxe5 Rc8 21. f4 Qc4 22. Qf3 g6 23. Be3 Nc5 24. Bd4 h5 25. b3 Qa6 26. Qe3 Nd7 27. a4 Rc7 28. b4 Qb7 29. a5 Ke7 30. Re2 Rhc8 31. Rea2 Nc5 32. axb6 axb6 33. Ra7 Qb8 34. Bxc5+ bxc5 35. Qxc5+ Ke8 36. Rxc7 Qxc7 37. Qxc7 Rxc7 38. Ra3 Kd7 39. Kf2 Kc6 40. Ke3 Kb7 1/2-1/2

[Event "Biella op 1st"]
[Site "Biella"]
[Date "2010.09.26"]
[Round "4"]
[White "D'Agostino, Maurizio"]
[Black "Marholev, Dimitar"]
[Result "0-1"]
[WhiteElo "2004"]
[BlackElo "2407"]
[PlyCount "102"]
[EventDate "2010.09.24"]
[EventType "swiss"]
[EventRounds "5"]
[EventCountry "ITA"]
[SourceTitle "EXT 2024"]
[Source "ChessBase"]
[SourceDate "2023.10.10"]
[SourceVersion "1"]
[SourceVersionDate "2023.10.10"]
[SourceQuality "1"]

1. d4 Nf6 2. Nf3 g6 3. Bf4 Bg7 4. e3 0-0 5. Be2 d6 6. h3 b6 7. 0-0 Bb7 8. c3 Nbd7 9. Nbd2 Re8 10. Nc4 Ne4 11. Qc2 e5 12. dxe5 dxe5 13. Bh2 Ng5 14. Ncd2 Nc5 15. Rfd1 Qe7 16. Nxg5 Qxg5 17. Nf3 Qe7 18. b4 Be4 19. Qb2 Bxf3 20. gxf3 Ne6 21. Bf1 Qh4 22. Bg3 Qh5 23. Rd7 Rad8 24. Rad1 Rxd7 25. Rxd7 Ng5 26. Bg2 Nxf3+ 27. Bxf3 Qxf3 28. Qd2 Qc6 29. Qd5 Qxd5 30. Rxd5 Kf8 31. Rd7 Rc8 32. Bh4 h6 33. Rd8+ Rxd8 34. Bxd8 c6 35. c4 b5 36. cxb5 cxb5 37. e4 Ke8 38. Bc7 Kd7 39. Bb8 a6 40. Kf1 f6 41. Ba7 Bf8 42. a3 f5 43. f3 h5 44. Be3 Be7 45. Ke2 Ke6 46. Bd2 Bh4 47. Kd3 Bf2 48. Bc1 Kf6 49. Bb2 Bg3 50. Bc3 Kg5 51. Bd2+ Kh4 0-1

[Event "Carignano Mo Memorial 5th"]
[Site "Carignano"]
[Date "2010.05.07"]
[Round "1"]
[White "Babilonia, Mauricio Rafael"]
[Black "D'Agostino, Maurizio"]
[Result "0-1"]
[WhiteElo "2010"]
[BlackElo "1603"]
[PlyCount "60"]
[EventDate "2010.05.07"]
[EventType "swiss"]
[EventRounds "5"]
[EventCountry "ITA"]
[SourceTitle "EXT 2024"]
[Source "ChessBase"]
[SourceDate "2023.10.10"]
[SourceVersion "1"]
[SourceVersionDate "2023.10.10"]
[SourceQuality "1"]

1. d4 Nf6 2. c4 e5 3. dxe5 Ng4 4. Nf3 Bc5 5. e3 Nc6 6. Nc3 Ngxe5 7. Be2 0-0 8. a3 a5 9. 0-0 Re8 10. b3 Nxf3+ 11. Bxf3 Ne5 12. Bb2 Bf8 13. Be2 Ra6 14. f4 Ng6 15. e4 Nh8 16. f5 Rh6 17. Bc1 Bc5+ 18. Rf2 Qh4 19. Bxh6 Qxf2+ 20. Kh1 gxh6 21. Nd5 Bd4 22. Rb1 c6 23. Nc7 Rxe4 24. Bf3 Rh4 25. h3 Be5 26. Bg4 Bxc7 27. Qe1 Qxe1+ 28. Rxe1 Kf8 29. Re3 h5 30. Bf3 f6 0-1